[Event "1A liga SSFBiH"]
[Site "Bosanska Krupa, hotel "]
[Date "2018.08.25"]
[Round "1.1"]
[White "Buljubasic, Sabahudin"]
[Black "Hadzovic, Amir"]
[Result "1/2-1/2"]
[WhiteElo "2291"]
[BlackElo "2245"]
[PlyCount "105"]
[EventDate "2018.08.25"]
[EventRounds "9"]
[EventCountry "BIH"]
[WhiteTeam "ŠK Banovici"]
[BlackTeam "ŠK Sarajevo"]

1. e4 e5 2. Nf3 Nc6 3. Bc4 Nf6 4. d3 Be7 5. O-O d6 6. a4 h6 7. c3 O-O 8. h3 Nh7
9. d4 Ng5 10. Nbd2 Bf6 11. Nxg5 Bxg5 12. dxe5 dxe5 13. Nf3 Bxc1 14. Qxd8 Rxd8
15. Raxc1 Kf8 16. b4 f6 17. Rcd1 Bd7 18. Rd2 Be8 19. Bd5 Rd6 20. a5 Rad8 21.
Rfd1 b6 22. axb6 axb6 23. Bc4 Rxd2 24. Rxd2 Rxd2 25. Nxd2 Na7 26. Kf1 Nb5 27.
Bxb5 Bxb5+ 28. c4 Ba6 29. Ke2 Ke7 30. Kd3 Bc8 31. Nf1 Kd6 32. Ne3 c6 33. Nf5+
Bxf5 34. exf5 b5 35. c5+ Ke7 36. Ke4 Kf7 37. f4 exf4 38. Kxf4 Kf8 39. Kg4 Kg8
40. Kh5 Kf8 41. Kg6 Kg8 42. g4 Kf8 43. h4 Kg8 44. g5 hxg5 45. hxg5 fxg5 46.
Kxg5 Kf7 47. Kf4 Kf8 48. Kf3 Ke8 49. Kg3 Kf7 50. Kf3 Ke8 51. Ke4 Kf7 52. Ke3
Ke7 53. Kf3 1/2-1/2

[Event "1A liga SSFBiH"]
[Site "Bosanska Krupa, hotel "]
[Date "2018.08.25"]
[Round "1.2"]
[White "Terzic, Ilijas"]
[Black "Avdic, Adnan"]
[Result "1-0"]
[WhiteElo "2143"]
[BlackElo "2203"]
[PlyCount "55"]
[EventDate "2018.08.25"]
[EventRounds "9"]
[EventCountry "BIH"]
[WhiteTeam "ŠK Sarajevo"]
[BlackTeam "ŠK Banovici"]

1. d4 d5 2. Nf3 Nf6 3. c4 c6 4. Qc2 a6 5. Bf4 e6 6. e3 Bb4+ 7. Nfd2 Ne4 8. Bd3
f5 9. O-O O-O 10. f3 Nf6 11. c5 Ba5 12. Nc3 Bc7 13. Bxc7 Qxc7 14. e4 dxe4 15.
fxe4 Ng4 16. Nf3 Ne3 17. Qb3 Nxf1 18. Rxf1 Kh8 19. Bc4 Rf6 20. exf5 exf5 21.
Re1 Rf8 22. Na4 Qd8 23. Nb6 Ra7 24. Nxc8 Qxc8 25. Ne5 g6 26. Nxg6+ hxg6 27.
Qh3+ Kg7 28. Re7+ 1-0

[Event "1A liga SSFBiH"]
[Site "Bosanska Krupa, hotel "]
[Date "2018.08.25"]
[Round "1.3"]
[White "Jovanovic, Nenad"]
[Black "Gekic, Haris"]
[Result "0-1"]
[WhiteElo "2069"]
[BlackElo "2202"]
[PlyCount "124"]
[EventDate "2018.08.25"]
[EventRounds "9"]
[EventCountry "BIH"]
[WhiteTeam "ŠK Banovici"]
[BlackTeam "ŠK Sarajevo"]

1. d4 Nf6 2. c4 e6 3. Nf3 Bb4+ 4. Bd2 Bxd2+ 5. Nbxd2 b6 6. g3 Bb7 7. Bg2 d6 8.
O-O Nbd7 9. Qc2 O-O 10. Ng5 Bxg2 11. Kxg2 h6 12. Nge4 e5 13. e3 Nxe4 14. Qxe4
f5 15. Qd5+ Kh8 16. f4 Nf6 17. Qf3 e4 18. Qe2 a5 19. Rac1 c5 20. d5 Qd7 21. Nb1
a4 22. Na3 Rfb8 23. Rfd1 Ne8 24. Nb5 Ra5 25. Kh1 g6 26. Rc3 Nc7 27. Nxc7 Qxc7
28. g4 Qd7 29. gxf5 Qxf5 30. b3 b5 31. cxb5 Rbxb5 32. bxa4 Rb4 33. a3 Rb7 34.
Rc4 Rb3 35. Qc2 Rxe3 36. Qb2+ Kg8 37. Qb8+ Qf8 38. Rb1 Ra8 39. Qxf8+ Rxf8 40.
Rb6 Rxf4 41. Rxd6 Rf2 42. Rxg6+ Kf7 43. Rg2 Re1+ 44. Rg1 Ree2 45. Rgc1 Rxh2+
46. Kg1 Rhg2+ 47. Kh1 Rh2+ 48. Kg1 Reg2+ 49. Kf1 Rf2+ 50. Kg1 Rfg2+ 51. Kf1 e3
52. Rf4+ Kg6 53. Ke1 Rd2 54. Rf3 Rh1+ 55. Rf1 Rhh2 56. Rg1+ Kf5 57. Rxc5 Ke4
58. Rc3 Rhe2+ 59. Kf1 Kf3 60. Rc1 Rf2+ 61. Ke1 Rxd5 62. Rc8 Re2+ 0-1

[Event "1A liga SSFBiH"]
[Site "Bosanska Krupa, hotel "]
[Date "2018.08.25"]
[Round "1.4"]
[White "Halilovic, Fahrudin"]
[Black "Rahmanovic, Mesan"]
[Result "1-0"]
[WhiteElo "2055"]
[BlackElo "1925"]
[PlyCount "119"]
[EventDate "2018.08.25"]
[EventRounds "9"]
[EventCountry "BIH"]
[WhiteTeam "ŠK Sarajevo"]
[BlackTeam "ŠK Banovici"]

1. e4 c5 2. d3 e6 3. g3 Nc6 4. Bg2 g6 5. f4 e5 6. Nf3 d6 7. O-O Bg4 8. c3 Bg7
9. Nbd2 Qd7 10. Nc4 Nge7 11. Qb3 O-O 12. Ne3 Be6 13. Qc2 exf4 14. gxf4 f6 15.
Qf2 d5 16. exd5 Nxd5 17. Nxd5 Bxd5 18. Qxc5 Rac8 19. Ne5 fxe5 20. Qxd5+ Qxd5
21. Bxd5+ Kh8 22. Be3 b6 23. Be4 Ne7 24. a4 Nf5 25. Bxf5 Rxf5 26. fxe5 Rxe5 27.
Bd4 Rg5+ 28. Kf2 Bxd4+ 29. cxd4 Rd8 30. Ke3 Re8+ 31. Kd2 Rg2+ 32. Kc3 Rc8+ 33.
Kb3 Rcc2 34. h4 Rxb2+ 35. Kc4 Kg7 36. Kd5 b5 37. axb5 Rxb5+ 38. Kc4 Rb7 39. Rf4
Rc2+ 40. Kd5 h6 41. Ra6 g5 42. hxg5 hxg5 43. Rg4 Rb5+ 44. Kd6 Kf6 45. Rg1 Kf5
46. Rxa7 Kf4 47. Rf7+ Ke3 48. d5 Kxd3 49. Rg3+ Ke4 50. Rg4+ Ke3 51. Rxg5 Rcc5
52. Rc7 Rxc7 53. Kxc7 Ke4 54. Kc6 Ra5 55. Rh5 Ra6+ 56. Kb5 Rd6 57. Kc5 Ra6 58.
Kc4 Ra8 59. Kc5 Rc8+ 60. Kb6 1-0

[Event "1A liga SSFBiH"]
[Site "Bosanska Krupa, hotel "]
[Date "2018.08.25"]
[Round "1.5"]
[White "Komadaric, Edin"]
[Black "Strinic, Halid"]
[Result "1-0"]
[WhiteElo "2096"]
[BlackElo "2116"]
[PlyCount "75"]
[EventDate "2018.08.25"]
[EventRounds "9"]
[EventCountry "BIH"]
[WhiteTeam "ŠK Banovici"]
[BlackTeam "ŠK Sarajevo"]

1. e4 d6 2. d4 c6 3. c4 Nd7 4. Nc3 e5 5. d5 Ngf6 6. Nge2 Be7 7. Ng3 cxd5 8.
cxd5 g6 9. Bh6 Nc5 10. b4 Na6 11. h3 Bd7 12. a3 Bf8 13. Be3 h5 14. Bxa6 bxa6
15. Qd3 Qc8 16. f4 h4 17. fxe5 dxe5 18. Nge2 Bd6 19. Rc1 Qb7 20. Bc5 Ke7 21.
O-O Ne8 22. Qe3 f6 23. Rf2 Qc7 24. Nd1 a5 25. Nb2 axb4 26. Bxd6+ Qxd6 27. Nc4
Qb8 28. Qc5+ Kf7 29. d6 Rh5 30. axb4 Kg7 31. Qd5 Qd8 32. Ra1 a6 33. Nc3 Ra7 34.
Qc5 Qb8 35. b5 Be6 36. Rd2 Rd7 37. Nb6 axb5 38. Ra8 1-0

[Event "1A liga SSFBiH"]
[Site "Bosanska Krupa, hotel "]
[Date "2018.08.25"]
[Round "1.6"]
[White "Miladinovic, Zlatko"]
[Black "Softic, Nusret"]
[Result "0-1"]
[WhiteElo "2082"]
[BlackElo "1879"]
[PlyCount "168"]
[EventDate "2018.08.25"]
[EventRounds "9"]
[EventCountry "BIH"]
[WhiteTeam "ŠK Sarajevo"]
[BlackTeam "ŠK Banovici"]

1. Nf3 Nf6 2. d4 g6 3. b3 d5 4. e3 Bg4 5. Be2 Nbd7 6. O-O Bg7 7. Bb2 O-O 8. c4
c6 9. Nc3 Re8 10. h3 Bxf3 11. Bxf3 dxc4 12. bxc4 Qa5 13. Qc2 Rac8 14. e4 e5 15.
d5 cxd5 16. cxd5 b5 17. Qb3 a6 18. a3 Nc5 19. Qd1 b4 20. axb4 Qxb4 21. Qe2 Nb3
22. Ra4 Qb8 23. Rxa6 Nd4 24. Qd2 Nxf3+ 25. gxf3 Nh5 26. Ne2 Qb3 27. Ra3 Qc2 28.
Rd1 Qxd2 29. Rxd2 Bh6 30. d6 Red8 31. f4 Nxf4 32. Nxf4 Bxf4 33. Rd5 f6 34. Ra7
Rc4 35. Rb5 h5 36. Rbb7 Bh6 37. Ba3 Rxe4 38. Rf7 Ra4 39. Rxa4 Kxf7 40. Ra7+ Ke6
41. Re7+ Kf5 42. d7 Bd2 43. Kf1 Ba5 44. Ke2 Ke4 45. Rg7 f5 46. f3+ Kd5 47. Rxg6
Rxd7 48. Rg5 f4 49. Bb2 Bc7 50. Rxh5 Rg7 51. Bc1 Kc4 52. Rh8 Bb6 53. Rc8+ Kd5
54. Rb8 Rg2+ 55. Kd3 Bc7 56. Rc8 Bd6 57. Rc2 Rg3 58. Rd2 Bc5 59. Rd1 Rxh3 60.
Ke2+ Bd4 61. Rf1 Kc4 62. Rd1 Rh2+ 63. Ke1 Bf2+ 64. Kf1 Bd4 65. Ke1 Bc3+ 66. Kf1
Kb3 67. Kg1 Ra2 68. Rf1 Bd4+ 69. Kh1 Kc4 70. Rd1 Rf2 71. Ba3 Rxf3 72. Bd6 e4
73. Kg2 Rf2+ 74. Kh3 f3 75. Bc7 e3 76. Kg3 Bc5 77. Bb8 Kb3 78. Bd6 Bxd6+ 79.
Rxd6 Kc2 80. Rd7 Rf1 81. Rc7+ Kd3 82. Rd7+ Ke2 83. Ra7 Rg1+ 84. Kh2 f2 0-1

[Event "1A liga SSFBiH"]
[Site "Bosanska Krupa, hotel "]
[Date "2018.08.25"]
[Round "1.1"]
[White "Burnazovic, Ervin"]
[Black "Mrkonjic, Nenad"]
[Result "0-1"]
[WhiteElo "2347"]
[BlackElo "2352"]
[PlyCount "98"]
[EventDate "2018.08.25"]
[EventRounds "9"]
[EventCountry "BIH"]
[WhiteTeam "ŠK Preporod, Zenica"]
[BlackTeam "OŠK Živinice"]

1. d4 Nf6 2. Nc3 d5 3. Bg5 Bf5 4. e3 e6 5. Bd3 Bxd3 6. Qxd3 c6 7. Nf3 Be7 8.
O-O Nbd7 9. Bxf6 Bxf6 10. e4 O-O 11. Rfe1 Be7 12. Rad1 Re8 13. Ne2 b5 14. c3 a5
15. Ne5 Qc7 16. f4 Bd6 17. Kh1 f6 18. Nxd7 Qxd7 19. e5 fxe5 20. dxe5 Be7 21.
Nd4 Bc5 22. f5 Bxd4 23. fxe6 Rxe6 24. cxd4 Rf8 25. h3 Rf2 26. Re2 Rxe2 27. Qxe2
a4 28. b3 axb3 29. axb3 Qf7 30. Qf3 Qg6 31. Rf1 h6 32. Qf5 Qxf5 33. Rxf5 Re8
34. Rf3 Ra8 35. Rc3 Ra6 36. e6 b4 37. Re3 Kf8 38. Rf3+ Ke7 39. Rf7+ Kxe6 40.
Rb7 Kf5 41. Rxb4 Ke4 42. Kg1 Ke3 43. h4 g6 44. Rb7 Kxd4 45. b4 Kc3 46. Rg7 c5
47. bxc5 d4 48. Rd7 d3 49. Kf2 d2 0-1

[Event "1A liga SSFBiH"]
[Site "Bosanska Krupa, hotel "]
[Date "2018.08.25"]
[Round "1.2"]
[White "Trumic, Enes"]
[Black "Dizdar, Selim"]
[Result "0-1"]
[WhiteElo "2244"]
[BlackElo "2298"]
[PlyCount "64"]
[EventDate "2018.08.25"]
[EventRounds "9"]
[EventCountry "BIH"]
[WhiteTeam "OŠK Živinice"]
[BlackTeam "ŠK Preporod, Zenica"]

1. d4 Nf6 2. c4 e6 3. Nc3 Bb4 4. e3 c5 5. Bd3 Nc6 6. Nf3 d5 7. O-O O-O 8. a3
Bxc3 9. bxc3 dxc4 10. Bxc4 Qc7 11. Qe2 e5 12. e4 cxd4 13. cxd4 Bg4 14. Bb2 exd4
15. Rfc1 Rfe8 16. Bd3 Qf4 17. Qd2 Nh5 18. Qxf4 Nxf4 19. Ne1 Be2 20. Bc4 Rxe4
21. f3 Re7 22. g3 Rae8 23. Bb3 Nh3+ 24. Kg2 Ng5 25. Bd5 Bb5 26. a4 Re2+ 27. Kh1
Rxb2 28. axb5 Ree2 29. Rc2 Rexc2 30. Nxc2 Rxc2 31. Bxc6 bxc6 32. bxc6 Nxf3 0-1

[Event "1A liga SSFBiH"]
[Site "Bosanska Krupa, hotel "]
[Date "2018.08.25"]
[Round "1.3"]
[White "Markovic, Dino"]
[Black "Mahmutbegovic, Muharem"]
[Result "1-0"]
[WhiteElo "2010"]
[BlackElo "2018"]
[PlyCount "61"]
[EventDate "2018.08.25"]
[EventRounds "9"]
[EventCountry "BIH"]
[WhiteTeam "ŠK Preporod, Zenica"]
[BlackTeam "OŠK Živinice"]

1. d4 Nf6 2. c4 g6 3. Nc3 Bg7 4. e4 d6 5. f3 O-O 6. Be3 Nbd7 7. Qd2 e5 8. Nge2
Nh5 9. Rd1 exd4 10. Nxd4 Ne5 11. Be2 Qh4+ 12. Bf2 Qf6 13. Nd5 Qd8 14. O-O Nc6
15. Nb5 a6 16. Nbxc7 Rb8 17. f4 Bh6 18. Bxh5 gxh5 19. Bb6 Qh4 20. g3 Qh3 21.
Nf6+ Kh8 22. Qg2 h4 23. Rxd6 hxg3 24. hxg3 Bg7 25. Qxh3 Bxh3 26. Rfd1 Rbd8 27.
Rxd8 Rxd8 28. Rxd8+ Nxd8 29. Nce8 Nc6 30. Nxg7 Kxg7 31. Ne8+ 1-0

[Event "1A liga SSFBiH"]
[Site "Bosanska Krupa, hotel "]
[Date "2018.08.25"]
[Round "1.4"]
[White "Sinanovic, Ermin"]
[Black "Sestic, Nermin"]
[Result "1-0"]
[WhiteElo "2155"]
[BlackElo "2153"]
[PlyCount "83"]
[EventDate "2018.08.25"]
[EventRounds "9"]
[EventCountry "BIH"]
[WhiteTeam "OŠK Živinice"]
[BlackTeam "ŠK Preporod, Zenica"]

1. e4 e6 2. d4 d5 3. Nd2 c5 4. exd5 Qxd5 5. dxc5 Bxc5 6. Ngf3 Nf6 7. Bd3 O-O 8.
O-O Nc6 9. Qe2 Qh5 10. c3 b6 11. Ne4 Nxe4 12. Qxe4 Bb7 13. Ng5 f5 14. Qxe6+ Kh8
15. Be2 Qe8 16. Bc4 Ne5 17. Qxe8 Raxe8 18. Bb5 Re7 19. b4 Bd6 20. Rd1 Bb8 21.
Nh3 g6 22. Bf1 Rc7 23. Bd2 h6 24. Rac1 g5 25. Be3 Ng4 26. Bxb6 Rcf7 27. Bd4+
Kh7 28. Bc4 Bxh2+ 29. Kh1 Bb8 30. Bxf7 Rxf7 31. Re1 Bd6 32. Re6 Be7 33. Rce1
Bf6 34. Bxf6 Nxf6 35. Rxf6 Rxf6 36. Re7+ Kg6 37. Rxb7 Rc6 38. Rxa7 Kh5 39. Ng1
Rxc3 40. Ra6 g4 41. Ne2 Rc4 42. g3 1-0

[Event "1A liga SSFBiH"]
[Site "Bosanska Krupa, hotel "]
[Date "2018.08.25"]
[Round "1.5"]
[White "Bajramovic, Halid"]
[Black "Ramic, Mirnes"]
[Result "0-1"]
[WhiteElo "2107"]
[BlackElo "2068"]
[PlyCount "54"]
[EventDate "2018.08.25"]
[EventRounds "9"]
[EventCountry "BIH"]
[WhiteTeam "ŠK Preporod, Zenica"]
[BlackTeam "OŠK Živinice"]

1. d4 Nf6 2. g3 g6 3. Bg2 Bg7 4. c4 d6 5. Nf3 O-O 6. O-O Nc6 7. b3 Bf5 8. Bb2
Qd7 9. Re1 Bh3 10. e4 Bxg2 11. Kxg2 Nh5 12. h3 Rad8 13. Nc3 h6 14. d5 Ne5 15.
Nd4 c5 16. dxc6 bxc6 17. Nc2 f5 18. f4 fxe4 19. Rxe4 Nf7 20. Ne3 e5 21. fxe5
Nxe5 22. Ne2 Rde8 23. Rb1 Qf7 24. Nf4 Nf6 25. Rd4 g5 26. Ne2 Ne4 27. Nf1 Qf3+
0-1

[Event "1A liga SSFBiH"]
[Site "Bosanska Krupa, hotel "]
[Date "2018.08.25"]
[Round "1.6"]
[White "Salkic, Mahir"]
[Black "Hadzic, Latif"]
[Result "1/2-1/2"]
[WhiteElo "2020"]
[BlackElo "2053"]
[PlyCount "63"]
[EventDate "2018.08.25"]
[EventRounds "9"]
[EventCountry "BIH"]
[WhiteTeam "OŠK Živinice"]
[BlackTeam "ŠK Preporod, Zenica"]

1. d4 Nf6 2. Nf3 c5 3. e3 g6 4. c4 Bg7 5. Nc3 O-O 6. Be2 cxd4 7. Nxd4 Nc6 8.
O-O Nxd4 9. exd4 d5 10. Be3 dxc4 11. Bxc4 Ng4 12. h3 Nxe3 13. fxe3 Qc7 14. Qb3
e6 15. Rac1 b6 16. Ne4 Qe7 17. Qd3 Bb7 18. Ba6 Rfd8 19. Bxb7 Qxb7 20. Ng5 Rd7
21. Qc3 Rad8 22. Nf3 Qe4 23. Rfe1 Rd5 24. Qc7 R5d7 25. Qc6 Rd5 26. Qc7 R5d7 27.
Qc2 Qd5 28. b3 Qd6 29. Qc6 Qg3 30. Qe4 Re7 31. Rc6 Rde8 32. Rec1 1/2-1/2

[Event "1A liga SSFBiH"]
[Site "Bosanska Krupa, hotel "]
[Date "2018.08.25"]
[Round "1.1"]
[White "Vajic, Goran"]
[Black "Avdic, Mirza"]
[Result "1-0"]
[WhiteElo "2280"]
[BlackElo "2205"]
[PlyCount "81"]
[EventDate "2018.08.25"]
[EventRounds "9"]
[EventCountry "BIH"]
[WhiteTeam "ŠK Bihac"]
[BlackTeam "ŠK Gracanica"]

1. e4 e6 2. d4 d5 3. Nc3 dxe4 4. Nxe4 Bd7 5. Nf3 Bc6 6. Ng3 Nd7 7. Be2 Ngf6 8.
O-O Bd6 9. b3 O-O 10. Bb2 Bxf3 11. Bxf3 c6 12. c4 Qa5 13. Qc2 Ba3 14. Rad1 Bxb2
15. Qxb2 Rad8 16. Rfe1 Rfe8 17. h3 Qc7 18. Rd2 Nf8 19. Red1 Ng6 20. Ne4 Qf4 21.
Nxf6+ Qxf6 22. Qa3 a6 23. Qb4 Rd7 24. d5 cxd5 25. cxd5 e5 26. d6 Nf4 27. Bg4
Qg6 28. Qxf4 exf4 29. Bxd7 f3 30. Bg4 f5 31. Bxf3 b6 32. d7 Rd8 33. Rd6 Qg5 34.
Rxb6 Qf4 35. Rc6 Kf7 36. Rc8 Ke7 37. Rxd8 Kxd8 38. Bc6 Qc7 39. Ba4 Qc2 40. Re1
Kc7 41. g3 1-0

[Event "1A liga SSFBiH"]
[Site "Bosanska Krupa, hotel "]
[Date "2018.08.25"]
[Round "1.2"]
[White "Coric, Ahmed"]
[Black "Trkulja, Goran"]
[Result "0-1"]
[WhiteElo "2131"]
[BlackElo "2295"]
[PlyCount "96"]
[EventDate "2018.08.25"]
[EventRounds "9"]
[EventCountry "BIH"]
[WhiteTeam "ŠK Gracanica"]
[BlackTeam "ŠK Bihac"]

1. c4 e5 2. d3 Nf6 3. Nf3 Nc6 4. Nc3 d5 5. cxd5 Nxd5 6. a3 Be7 7. e3 O-O 8. Be2
a5 9. Bd2 Nb6 10. Qc2 a4 11. O-O Be6 12. Rac1 Bb3 13. Qb1 f5 14. Bd1 Be6 15.
Nb5 e4 16. Nfd4 Nxd4 17. Nxd4 Bd5 18. Bc2 c5 19. Ne2 Bb3 20. Bxb3+ axb3 21. d4
c4 22. f3 exf3 23. Rxf3 Qd7 24. Nc3 Bg5 25. Rcf1 g6 26. Qe1 Rae8 27. Qf2 Bh6
28. h4 Bg7 29. h5 Nd5 30. Nxd5 Qxd5 31. Bb4 Rf7 32. hxg6 hxg6 33. Kh1 Bf6 34.
Rh3 Rh7 35. Qf3 Rxh3+ 36. gxh3 Qxf3+ 37. Rxf3 b5 38. Kg2 Kf7 39. Kf2 Re4 40.
Bc3 Ke7 41. Ke2 Ke6 42. Rg3 g5 43. Kf3 Kd5 44. Rg1 Rh4 45. Rg3 Rxh3 46. Rxh3
g4+ 47. Kg3 gxh3 48. Kxh3 Ke4 0-1

[Event "1A liga SSFBiH"]
[Site "Bosanska Krupa, hotel "]
[Date "2018.08.25"]
[Round "1.3"]
[White "Rajic, Ivan"]
[Black "Avdic, Adnan A"]
[Result "1/2-1/2"]
[WhiteElo "2012"]
[BlackElo "2046"]
[PlyCount "106"]
[EventDate "2018.08.25"]
[EventRounds "9"]
[EventCountry "BIH"]
[WhiteTeam "ŠK Bihac"]
[BlackTeam "ŠK Gracanica"]

1. e4 d6 2. d4 g6 3. f4 Bg7 4. Nf3 Nf6 5. Nc3 Bg4 6. h3 Bxf3 7. Qxf3 Nc6 8. Be3
e5 9. d5 Nd4 10. Qf2 c5 11. fxe5 dxe5 12. Bd3 O-O 13. O-O Ne8 14. Nd1 Nd6 15.
c3 f5 16. cxd4 fxe4 17. Qd2 cxd4 18. Bg5 Qb6 19. Rxf8+ Bxf8 20. Bc2 d3+ 21. Be3
Nc4 22. Bxb6 Nxd2 23. Be3 dxc2 24. Bxd2 cxd1=Q+ 25. Rxd1 Bc5+ 26. Kf1 Rd8 27.
Bg5 Rd7 28. b3 Kg7 29. Ke2 Bd4 30. Rc1 h6 31. Be3 g5 32. Rc4 Kf6 33. Bxd4 exd4
34. Rxd4 Ke5 35. Ke3 Rxd5 36. Rxe4+ Kf5 37. Rc4 Ra5 38. a4 Re5+ 39. Kf3 Rd5 40.
Ke3 Re5+ 41. Kf3 b5 42. Rc6 Rd5 43. g4+ Ke5 44. Ke3 bxa4 45. bxa4 Ra5 46. Rc4
Kd5 47. Kd3 Ra6 48. Rb4 Rf6 49. Rb7 Ra6 50. Rb4 Rf6 51. Rb7 a6 52. Rb4 Rf3+ 53.
Ke2 Rxh3 1/2-1/2

[Event "1A liga SSFBiH"]
[Site "Bosanska Krupa, hotel "]
[Date "2018.08.25"]
[Round "1.4"]
[White "Mujacic, Haris"]
[Black "Arnaut, Armin"]
[Result "1/2-1/2"]
[WhiteElo "1972"]
[BlackElo "2070"]
[PlyCount "79"]
[EventDate "2018.08.25"]
[EventRounds "9"]
[EventCountry "BIH"]
[WhiteTeam "ŠK Gracanica"]
[BlackTeam "ŠK Bihac"]

1. d4 Nf6 2. Bf4 g6 3. Nc3 Bg7 4. e4 d6 5. Qd2 Nbd7 6. O-O-O O-O 7. e5 Nh5 8.
Bh6 dxe5 9. dxe5 Bxe5 10. g4 Ng7 11. f4 Bd6 12. Nf3 Nf6 13. h3 b6 14. Bc4 Bb7
15. Qe2 Qc8 16. f5 a6 17. fxg6 hxg6 18. Rhf1 b5 19. Bd3 c5 20. Ne4 Nxe4 21.
Bxe4 Qc7 22. Bxb7 Qxb7 23. Ng5 Rad8 24. h4 Qb8 25. Qe4 Qa8 26. Qe3 Qg2 27. Qf3
Qxf3 28. Rxf3 Rde8 29. Rdf1 e5 30. Rxf7 Rxf7 31. Rxf7 Bf8 32. Rf6 e4 33. Kd1
Rd8+ 34. Ke2 Rd6 35. Rxd6 Bxd6 36. Nxe4 Be7 37. Bg5 Bf8 38. Be3 Ne6 39. Ng5 Nc7
40. Kf3 1/2-1/2

[Event "1A liga SSFBiH"]
[Site "Bosanska Krupa, hotel "]
[Date "2018.08.25"]
[Round "1.5"]
[White "Stankovic, Dragan"]
[Black "Nezirovic, Ozren"]
[Result "1/2-1/2"]
[WhiteElo "1924"]
[BlackElo "2013"]
[PlyCount "62"]
[EventDate "2018.08.25"]
[EventRounds "9"]
[EventCountry "BIH"]
[WhiteTeam "ŠK Bihac"]
[BlackTeam "ŠK Gracanica"]

1. e4 d6 2. d4 g6 3. Nc3 Bg7 4. Nf3 Nf6 5. Bc4 O-O 6. O-O Nxe4 7. Bxf7+ Rxf7 8.
Nxe4 h6 9. h3 d5 10. Nc5 Nc6 11. c3 Qf8 12. Nh2 e5 13. Be3 b6 14. Nb3 e4 15.
Nd2 Ne7 16. Qb3 c6 17. Qa3 Kh7 18. f3 Nf5 19. Qxf8 Rxf8 20. Rfe1 Nxe3 21. Rxe3
h5 22. fxe4 Bh6 23. Re2 Ba6 24. c4 dxe4 25. b3 Rad8 26. Nxe4 Rxd4 27. Nf3 Rd7
28. Neg5+ Bxg5 29. Nxg5+ Kh6 30. Nf3 Bc8 31. Re6 Rc7 1/2-1/2

[Event "1A liga SSFBiH"]
[Site "Bosanska Krupa, hotel "]
[Date "2018.08.25"]
[Round "1.6"]
[White "Alic, Selmir"]
[Black "Nuhanovic, Nermin"]
[Result "1/2-1/2"]
[WhiteElo "2051"]
[BlackElo "1827"]
[PlyCount "98"]
[EventDate "2018.08.25"]
[EventRounds "9"]
[EventCountry "BIH"]
[WhiteTeam "ŠK Gracanica"]
[BlackTeam "ŠK Bihac"]

1. e4 c5 2. Nf3 Nc6 3. d4 cxd4 4. Nxd4 Nf6 5. Nc3 d6 6. Be2 e6 7. O-O Be7 8.
Be3 O-O 9. Qd2 a6 10. a4 Bd7 11. f4 Rc8 12. Bf3 Qc7 13. Nb3 Rfe8 14. a5 Nb4 15.
Bb6 Qc4 16. Nd4 Ra8 17. b3 Qc8 18. e5 dxe5 19. fxe5 Nfd5 20. Nxd5 Nxd5 21. Bxd5
exd5 22. Rf3 Bc5 23. Rc3 Bxd4+ 24. Bxd4 Bc6 25. Rf1 Re6 26. Rcf3 Be8 27. Bb2
Qc5+ 28. Kh1 Qe7 29. Rf5 Rc8 30. Bc3 Qc5 31. Bb4 Qxc2 32. Qxd5 Bc6 33. Rxf7 h6
34. Qd2 Qxd2 35. Bxd2 Bd5 36. R7f5 Rg6 37. R5f2 Bxb3 38. Kg1 Bd5 39. Bb4 Kh7
40. g3 Rc4 41. Bd6 Ra4 42. Bc7 Rc4 43. Rd2 Bc6 44. Re1 Re4 45. Rxe4 Bxe4 46.
Rd4 Bc6 47. Rd6 Rxd6 48. exd6 Kg6 49. Kf2 Kf5 1/2-1/2

[Event "1A liga SSFBiH"]
[Site "Bosanska Krupa, hotel "]
[Date "2018.08.25"]
[Round "1.1"]
[White "Zajic, Milan"]
[Black "Kojic, Tigran"]
[Result "1/2-1/2"]
[WhiteElo "2503"]
[BlackElo "2340"]
[PlyCount "53"]
[EventDate "2018.08.25"]
[EventRounds "9"]
[EventCountry "BIH"]
[WhiteTeam "ŠK Goražde"]
[BlackTeam "ŠK Igman, Konjic"]

1. e4 d6 2. d4 Nf6 3. Nc3 g6 4. Nf3 Bg7 5. h3 O-O 6. Be3 c6 7. a4 Nbd7 8. Be2
Qc7 9. O-O e5 10. dxe5 Nxe5 11. Nd2 Rd8 12. f4 Ned7 13. Qe1 d5 14. Qf2 Nxe4 15.
Ndxe4 dxe4 16. Nxe4 Nb6 17. c3 Re8 18. Ng3 Nd5 19. Bd4 Bxd4 20. Qxd4 Qb6 21.
Qxb6 axb6 22. Bc4 Ne3 23. Rfe1 Bxh3 24. Bxf7+ Kxf7 25. gxh3 Nc4 26. Ne4 Kg7 27.
b3 1/2-1/2

[Event "1A liga SSFBiH"]
[Site "Bosanska Krupa, hotel "]
[Date "2018.08.25"]
[Round "1.2"]
[White "Pastar, Slaven"]
[Black "Vukic, Milan"]
[Result "1-0"]
[WhiteElo "2307"]
[BlackElo "2386"]
[PlyCount "90"]
[EventDate "2018.08.25"]
[EventRounds "9"]
[EventCountry "BIH"]
[WhiteTeam "ŠK Igman, Konjic"]
[BlackTeam "ŠK Goražde"]

1. d4 Nf6 2. c4 d6 3. Nc3 Nbd7 4. e4 e5 5. Nf3 c6 6. Be2 Be7 7. O-O O-O 8. Rb1
Re8 9. b4 exd4 10. Nxd4 Bf8 11. Qc2 Qc7 12. Rd1 Ne5 13. h3 g6 14. Be3 Be6 15.
f4 Ned7 16. g4 Nb6 17. Nxe6 Rxe6 18. f5 Ree8 19. Bf4 Nfd7 20. c5 Nc8 21. cxd6
Nxd6 22. Kg2 Ne5 23. Nd5 Qd8 24. Ne3 g5 25. Bxe5 Rxe5 26. Nc4 Qf6 27. Nxe5 Qxe5
28. Qb2 Bg7 29. Qxe5 Bxe5 30. Kf3 a6 31. a4 Kg7 32. Rb3 Kf6 33. Rh1 Re8 34. Bd3
h6 35. h4 Bf4 36. hxg5+ Bxg5 37. Rc3 Kg7 38. Rc5 Bf6 39. b5 Bd4 40. Rc2 axb5
41. axb5 c5 42. Rch2 f6 43. Rxh6 Nf7 44. Rh7+ Kg8 45. Kg2 Ne5 1-0

[Event "1A liga SSFBiH"]
[Site "Bosanska Krupa, hotel "]
[Date "2018.08.25"]
[Round "1.3"]
[White "Muratovic, Efim"]
[Black "Mrndjic, Muamer"]
[Result "0-1"]
[WhiteElo "2383"]
[BlackElo "2249"]
[PlyCount "110"]
[EventDate "2018.08.25"]
[EventRounds "9"]
[EventCountry "BIH"]
[WhiteTeam "ŠK Goražde"]
[BlackTeam "ŠK Igman, Konjic"]

1. Nf3 d5 2. g3 c5 3. Bg2 Nf6 4. O-O e6 5. d4 cxd4 6. Nxd4 e5 7. Nb3 Be6 8. Bg5
Nbd7 9. f4 Qb6+ 10. Kh1 Ne4 11. Nc3 Nxg5 12. fxg5 d4 13. Nd5 Qd6 14. c4 Rc8 15.
Nd2 Nb6 16. Rc1 Qd8 17. Qb3 Be7 18. Nxb6 Qxb6 19. Qxb6 axb6 20. Bxb7 Rc7 21.
Bd5 Bxg5 22. Bxe6 Bxd2 23. Rc2 fxe6 24. Rxd2 Rxc4 25. Rf3 Ke7 26. Rb3 Rb8 27.
e3 Kd6 28. Kg2 b5 29. Kf3 Kd5 30. Ke2 Ke4 31. Rbd3 Rbc8 32. exd4 Rxd4 33. Re3+
Kd5 34. Rf3 Rc1 35. Rb3 Rh1 36. Rxb5+ Ke4 37. Rxd4+ exd4 38. a4 Rxh2+ 39. Ke1
Kd3 40. a5 Rh1+ 41. Kf2 Kc4 42. Rb7 Ra1 43. b4 h5 44. Rb6 Ra2+ 45. Kf3 Ra3+ 46.
Kf4 g5+ 47. Kxg5 Rxg3+ 48. Kh4 Ra3 49. Kg5 e5 50. a6 e4 51. b5 d3 52. Rd6 Kxb5
53. Kf5 e3 54. a7 d2 55. Kf4 e2 0-1

[Event "1A liga SSFBiH"]
[Site "Bosanska Krupa, hotel "]
[Date "2018.08.25"]
[Round "1.4"]
[White "Zacinovic, Alija"]
[Black "Stavnjak, Lazar"]
[Result "1-0"]
[WhiteElo "2171"]
[BlackElo "2221"]
[PlyCount "77"]
[EventDate "2018.08.25"]
[EventRounds "9"]
[EventCountry "BIH"]
[WhiteTeam "ŠK Igman, Konjic"]
[BlackTeam "ŠK Goražde"]

1. e4 c5 2. Nf3 Nc6 3. d4 cxd4 4. Nxd4 Nf6 5. Nc3 e5 6. Ndb5 d6 7. Nd5 Nxd5 8.
exd5 Nb8 9. c4 a6 10. Nc3 Be7 11. f4 Nd7 12. Be2 O-O 13. O-O exf4 14. Bxf4 f5
15. Kh1 g5 16. Bg3 f4 17. Bf2 Bf6 18. Ne4 Be5 19. Bg4 Qe7 20. Be6+ Kg7 21. b4
b6 22. Rc1 h6 23. c5 bxc5 24. bxc5 dxc5 25. Nxc5 Rd8 26. Nd3 Bd6 27. Re1 Qf6
28. Qa4 Kf8 29. Qc6 Ne5 30. Rxe5 Bxe5 31. Bc5+ Kg7 32. Nxe5 Bxe6 33. Qxe6 Rac8
34. Nd7 Qxe6 35. dxe6 Re8 36. g4 fxg3 37. hxg3 Kg6 38. Rf1 Rxe6 39. Nf8+ 1-0